000 00293nam a22001097a 4500
008 160505b xxu||||| |||| 00| 0 eng d
020 _a9780470084700
041 _aeng
080 _a611
245 _aLaboratory manual for anatomy and physiology:
_cConnie Allen; Valerie Harper;
942 _2udc
_cBK
999 _c1803
_d1803